The practice of real estate valuation in Portugal (Record no. 70180)

MARC details
000 -LEADER
fixed length control field 01094cam a2200277 4500
001 - CONTROL NUMBER
control field ABS65457
008 - FIXED-LENGTH DATA ELEMENTS--GENERAL INFORMATION
fixed length control field 020508n2002 000 0 eng u
035 ## - SYSTEM CONTROL NUMBER
System control number (Sirsi) u117854
100 ## - MAIN ENTRY--PERSONAL NAME
Personal name Santos Reis, V
245 #4 - TITLE STATEMENT
Title The practice of real estate valuation in Portugal
260 ## - PUBLICATION, DISTRIBUTION, ETC.
Date of publication, distribution, etc. 2002
490 ## - SERIES STATEMENT
Series statement Journal of Property Investment and Finance
Volume/sequential designation 20(2) 2002, 181-203(23)
520 ## - SUMMARY, ETC.
Summary, etc. Research on need for consistent international standards for accounting and valuation, especially in light of globalisation of trade and markets. Reports on survey of Portuguese valuers for degree of variation between valuation standards and current practice. Concludes it is largely part-time profession, poorly equipped to meet international standardisation. Survey. Tables. Charts.
590 ## - LOCAL NOTE (RLIN)
Local note ABS
650 ## - SUBJECT ADDED ENTRY--TOPICAL TERM
Topical term or geographic name entry element PORTUGAL
650 ## - SUBJECT ADDED ENTRY--TOPICAL TERM
Topical term or geographic name entry element REAL ESTATE
650 ## - SUBJECT ADDED ENTRY--TOPICAL TERM
Topical term or geographic name entry element EU
650 ## - SUBJECT ADDED ENTRY--TOPICAL TERM
Topical term or geographic name entry element STANDARDS
650 ## - SUBJECT ADDED ENTRY--TOPICAL TERM
Topical term or geographic name entry element ASSETS VALUATION
650 ## - SUBJECT ADDED ENTRY--TOPICAL TERM
Topical term or geographic name entry element SURVEY
690 ## - LOCAL SUBJECT ADDED ENTRY--TOPICAL TERM (OCLC, RLIN)
Topical term or geographic name as entry element PROPERTY-PROPERTY APPRAISAL AND VALUATION
700 ## - ADDED ENTRY--PERSONAL NAME
Personal name Downie, M
700 ## - ADDED ENTRY--PERSONAL NAME
Personal name Fisher, P
700 ## - ADDED ENTRY--PERSONAL NAME
Personal name Fernandes, A
942 ## - ADDED ENTRY ELEMENTS (KOHA)
Suppress in OPAC 0
Holdings
Withdrawn status Lost status Source of classification or shelving scheme Damaged status Not for loan Home library Current library Shelving location Date acquired Total Checkouts Full call number Barcode Date last seen Copy number Price effective from Koha item type
    Dewey Decimal Classification     London London Journal article 08/05/2002   ABS65457 117854-1001 06/08/2019 1 06/08/2019 Journal article